All Main Pirates of the Caribbean Villains - Statistics

General Stats
  • This quiz has been taken 108 times
  • The average score is 4 of 5
Answer Stats
Picture Answer % Correct
Davy Jones
98%
Hector Barbossa
98%
Blackbeard
94%
Armando Salazar
80%
Lord Beckett
65%
No matching quizzes found
Score Distribution
Percent of People with Each Score
Percentile by Number Answered
Your Score History
You have not taken this quiz